000 00279nam a22001097a 4500
008 160512b xxu||||| |||| 00| 0 eng d
020 _a0781764882
041 _aeng
080 _a61
245 _aClinical guide for contraception:
_cLeon Speroff; Philip D. Darney;
942 _2udc
_cBK
999 _c2069
_d2069